[Event "47th Ilmar Raud Mem"]
[Site "Viljandi EST"]
[Date "2013.07.06"]
[Round "8.22"]
[White "Tsiganova,M"]
[Black "Golubeva,Marija"]
[Result "1/2-1/2"]
[WhiteElo "2110"]
[BlackElo "1817"]

1.c4 c6 2.e4 d6 3.d4 g6 4.Nc3 Bg7 5.Nf3 Nf6 6.Be2 O-O 7.O-O c5 8.e5 dxe5
9.dxe5 Ng4 10.Bg5 Nc6 11.Qxd8 Rxd8 12.Nd5 Kf8 13.Rfe1 h6 14.Bh4 Ngxe5 15.Nxe5 Bxe5
16.Bf3 g5 17.Bg3 Bxg3 18.hxg3 Nb4 19.Nxb4 cxb4 20.Rad1 Rxd1 21.Rxd1 Ke8 22.g4 Rb8
23.g3 Bd7 24.Kg2 Be6 25.b3 Rd8 26.Rh1 Rd2 27.Rxh6 Rxa2 28.Bxb7 Kd8 29.Bf3 Rb2
30.Rh8+ Kc7 31.Ra8 Rxb3 32.Rxa7+ Kd6 33.Ra6+ Kc5 34.Ra5+ Kxc4 35.Rxg5 Rxf3
36.Kxf3 b3 37.Rg8 b2 38.Rb8 Kc3 39.Ke3 Kc2 40.g5 b1=Q 41.Rxb1 Kxb1 42.Ke4 Kc2
43.f4 Bc4 44.f5 Bd3+ 45.Ke5 Bxf5 46.Kxf5 Kd3 47.g4 Kd4 48.g6 fxg6+ 49.Kxg6 e5
50.Kf6 e4 51.g5 e3 52.g6 e2 53.g7 e1=Q 54.g8=Q Qe5+ 55.Kf7  1/2-1/2

[Event "47th Ilmar Raud Mem"]
[Site "Viljandi EST"]
[Date "2013.07.06"]
[Round "8.8"]
[White "Ehlvest,J"]
[Black "Lauk,U"]
[Result "1-0"]
[WhiteElo "2623"]
[BlackElo "2403"]

1.c4 c6 2.Nf3 d5 3.Qc2 Nf6 4.g3 Bg4 5.Bg2 Nbd7 6.O-O Bxf3 7.exf3 dxc4 8.Qxc4 e6
9.d4 Be7 10.f4 O-O 11.Nd2 Ne8 12.Nf3 Nd6 13.Qe2 Nf6 14.Be3 a5 15.a4 Nf5 16.Rfd1 Qb6
17.Ne5 Rfd8 18.g4 Nxe3 19.fxe3 Nd5 20.Qf2 c5 21.e4 Nb4 22.d5 Bf6 23.Rac1 Bxe5
24.fxe5 Rac8 25.g5 Qc7 26.d6 Qc6 27.b3 b5 28.axb5 Qxb5 29.Bf1 c4 30.Qd4 Nc6
31.bxc4 Qb4 32.Qe3 Nxe5 33.c5 Rc6 34.Qc3 Qxc3 35.Rxc3 Nd7 36.Rdc1 Rdc8 37.Rb1 h6
38.g6 fxg6 39.Bb5 Rxc5 40.Bxd7  1-0

[Event "ch-BEL Experten 2013"]
[Site "Antwerp BEL"]
[Date "2013.07.07"]
[Round "2.1"]
[White "Le Quang,K"]
[Black "Hautot,S"]
[Result "0-1"]
[WhiteElo "2242"]
[BlackElo "2366"]

1.c4 c6 2.g3 Nf6 3.Nf3 d5 4.b3 Qb6 5.Bg2 e5 6.O-O e4 7.Ne1 h5 8.Bb2 h4 9.Bxf6 gxf6
10.cxd5 cxd5 11.Nc3 Be6 12.d3 hxg3 13.hxg3 f5 14.dxe4 dxe4 15.Nc2 Nc6 16.Rc1 Rd8
17.Qe1 Qa5 18.Na4 Qe5 19.Qc3 Qxc3 20.Nxc3 Bg7 21.Na4 Ke7 22.Rfd1 b6 23.Ne3 Rxd1+
24.Nxd1 Rd8 25.Ne3 Nd4 26.Kf1 Be5 27.Ke1 Nb5 28.Rd1 Rc8 29.Nd5+ Kf8 30.e3 Rc2
31.Nb4 Rc7 32.Nd5 Rc2 33.Nb4 Rc8 34.Nd5 Nd6 35.Bf1 b5 36.Nac3 Rxc3 37.Nxc3 Bxc3+
38.Ke2 Ke7 39.Rc1 b4 40.Kd1 Nb7 41.Kc2 Kd6 42.Be2 Nc5 43.Rd1+ Kc7 44.Rb1 a5
45.a3 Kd6 46.axb4 axb4 47.f3 exf3 48.Bxf3 Ne4 49.Bxe4 fxe4 50.Rh1 Be5 51.Rg1 f5  0-1

[Event "e2e4 Sunningdale July Open"]
[Site "Ascot ENG"]
[Date "2013.07.07"]
[Round "4"]
[White "Marley,Andrew S G"]
[Black "Moore,JC"]
[Result "0-1"]
[WhiteElo "1925"]
[BlackElo "2021"]

1.c4 c6 2.g3 d5 3.Bg2 Nf6 4.Nf3 Bf5 5.cxd5 cxd5 6.Nc3 e6 7.O-O Nc6 8.d3 Be7
9.Bf4 O-O 10.Re1 d4 11.Nb5 a6 12.Na3 Nd5 13.Bd2 h6 14.Rc1 Bb4 15.Bxb4 Ndxb4
16.Nd2 e5 17.Ra1 Be6 18.Nb3 Bd5 19.Bxd5 Nxd5 20.Nc4 a5 21.Nc5 Qe7 22.Ne4 a4
23.Rf1 f5 24.Ned6 Rf6 25.Nb5 Rg6 26.e4 dxe3 27.Qf3 exf2+ 28.Rxf2 Nf4 29.Kh1 Nh3
30.Re2 Ng5 31.Qd5+ Kh7 32.Nxe5 Rd8 33.Nxg6 Qxe2 34.Qxf5 Qxd3 35.Qxd3 Rxd3
36.Nf4 Rd2 37.Re1 Rxb2  0-1

[Event "IsBank TCh-TUR 2013"]
[Site "Denizli TUR"]
[Date "2013.07.07"]
[Round "10.3"]
[White "Arduman,C"]
[Black "Mikadze,M"]
[Result "1/2-1/2"]
[WhiteElo "2353"]
[BlackElo "2314"]

1.c4 c6 2.Nf3 d5 3.e3 Nf6 4.Nc3 Bf5 5.Be2 e6 6.O-O Be7 7.Nh4 Bg6 8.Nxg6 hxg6
9.cxd5 cxd5 10.d3 Nc6 11.h3 Rc8  1/2-1/2

[Event "120th ch-SCO 2013"]
[Site "Helensburgh SCO"]
[Date "2013.07.07"]
[Round "2.2"]
[White "McNab,C"]
[Black "Hera,I"]
[Result "0-1"]
[WhiteElo "2461"]
[BlackElo "2558"]

1.c4 c6 2.Nf3 d5 3.e3 Nf6 4.b3 Bf5 5.Be2 h6 6.O-O e6 7.Bb2 Nbd7 8.d4 Ne4
9.Nc3 Bd6 10.Nxe4 Bxe4 11.Bd3 Nf6 12.Bxe4 Nxe4 13.Nd2 Nxd2 14.Qxd2 O-O 15.Bc3 Re8
16.Rad1 Qe7 17.Qd3 Bc7 18.g3 Rad8 19.e4 Qa3 20.cxd5 cxd5 21.e5 Rc8 22.Rd2 Bb6
23.Bb2 Qe7 24.Rc2 Rxc2 25.Qxc2 f6 26.exf6 Qxf6 27.Re1 Re7 28.Qc8+ Kf7 29.Ba3 Qxd4
30.Rf1 Rc7 31.Qf8+ Kg6 32.Qe8+ Kf6 33.Qd8+ Kf5 34.Qe8 Qf6 35.Bc1 Qf7 36.Qb5 Kg6
37.Be3 Rc6 38.Bxb6 axb6 39.Kg2 Qf5 40.Re1 Kh7 41.Qb4 e5 42.g4 Rg6 43.h3 h5
44.f3 Qc2+ 45.Kg1 hxg4 46.fxg4 Rf6 47.Rf1 Qc5+ 48.Qxc5 Rxf1+ 49.Kxf1 bxc5  0-1

[Event "6th d'Ille et Vilaine 2013"]
[Site "Rennes FRA"]
[Date "2013.07.07"]
[Round "1.10"]
[White "Alanic,X"]
[Black "Mocquard,Yves"]
[Result "1/2-1/2"]
[WhiteElo "2263"]
[BlackElo "1918"]

1.c4 c6 2.g3 d5 3.Bg2 Nf6 4.Nf3 e6 5.O-O Be7 6.b3 d4 7.e3 c5 8.exd4 cxd4
9.d3 O-O 10.a3 a5 11.Ne5 Nfd7 12.f4 Nc5 13.Bb2 f6 14.Nf3 Nc6 15.Ne1 e5 16.Nd2 exf4
17.Rxf4 f5 18.Bd5+ Kh8 19.b4 axb4 20.axb4 Rxa1 21.Qxa1 Nxb4 22.Bxd4 Bf6 23.Bxf6 Qxf6
24.Qxf6 Rxf6 25.Bg2 g5 26.Rd4 Kg7 27.Rd8 Rf8 28.Rxf8 Kxf8 29.d4 Ne6 30.d5 Nc5
31.Kf2 Ke7 32.Ke3 Kd6 33.Kd4 b6 34.Ndf3 h6 35.Ne5 Nb3+ 36.Kc3 Kxe5 37.Nf3+ Kd6
38.Kxb4 Nc5 39.Nd4 Bd7 40.Bh3 f4 41.Bxd7 Kxd7 42.gxf4 gxf4 43.Kb5 Kc7 44.Nf3 Nd7
45.Nd4 Nc5 46.Kb4 h5 47.Kb5 Kb7 48.Nf3 Kc7 49.Ng5 Kb7 50.Kb4 Kc7 51.Kc3 Kd6
52.Kd4 Nd7 53.Ne4+ Ke7 54.Nf2 Kf6 55.Ke4 Ne5 56.Kxf4 Nxc4 57.Ne4+ Ke7 58.Ng3 b5
59.Ke4 Nd6+ 60.Kd4 h4 61.Nh5 Kd7 62.Nf4 Nf5+ 63.Kc5 Nd6 64.Ng6 h3 65.Nf4 Ne4+
66.Kxb5 Kd6 67.Kc4 Nd2+ 68.Kd4 Nf3+ 69.Kc4 Nxh2 70.Nxh3 Ng4 71.Nf4 Ne3+  1/2-1/2

[Event "Polugaevsky Mem 2013"]
[Site "Samara RUS"]
[Date "2013.07.07"]
[Round "6.4"]
[White "Bocharov,D"]
[Black "Musakaev,E"]
[Result "1-0"]
[WhiteElo "2607"]
[BlackElo "2354"]

1.c4 c6 2.Nf3 Nf6 3.g3 d5 4.Bg2 g6 5.Qa4 Bg7 6.cxd5 Nxd5 7.O-O O-O 8.d3 Nd7
9.e4 N5b6 10.Qc2 Ne5 11.Nxe5 Bxe5 12.Nd2 Be6 13.Nf3 Bg7 14.Be3 Qd7 15.a4 Rfd8
16.a5 Nc8 17.d4 Nd6 18.Rfd1 f6 19.Ne1 Nb5 20.Rac1 f5 21.Nd3 Nxd4 22.Bxd4 Qxd4
23.Nc5 Qf6 24.e5 Rxd1+ 25.Rxd1 Qxe5 26.a6 bxa6 27.Bxc6 Rc8 28.Nxe6 Qxb2 29.Qa4 Be5
30.Bd5  1-0

[Event "Styrian Open A 2013"]
[Site "Bad Gleichenberg AUT"]
[Date "2013.07.08"]
[Round "3.20"]
[White "Behling,R"]
[Black "Hapala,L"]
[Result "1-0"]
[WhiteElo "2137"]
[BlackElo "2040"]

1.c4 c6 2.e4 d5 3.exd5 cxd5 4.d4 Nf6 5.Nc3 Nc6 6.Bg5 dxc4 7.Bxc4 h6 8.Bh4 Qb6
9.Nge2 Bf5 10.O-O g5 11.Bg3 Bg7 12.d5 Na5 13.Bb5+ Bd7 14.Bxd7+ Nxd7 15.Qa4 Rc8
16.Rac1 f5 17.Nb5 Rxc1 18.Rxc1 f4 19.Nc7+ Kf7 20.Qxd7 fxg3 21.hxg3 Bf6 22.b3 h5
23.Qf5 h4 24.Ne6 hxg3 25.Nxg5+ Kg7 26.Ne6+ Kf7 27.Nxg3 Qd6 28.Ng5+ Kg7 29.N5e4 Qa3
30.Rc7 Qb2 31.Qxf6+ Qxf6 32.Nxf6 Kxf6 33.b4 Rd8 34.bxa5 Rxd5 35.Rxb7 Rxa5
36.Rb2  1-0

[Event "FSFMA July 2013"]
[Site "Budapest HUN"]
[Date "2013.07.08"]
[Round "3.4"]
[White "Resika,N"]
[Black "Andersen,So2"]
[Result "1-0"]
[WhiteElo "2186"]
[BlackElo "2115"]

1.c4 c6 2.Nf3 d5 3.g3 Nf6 4.Bg2 dxc4 5.O-O Nbd7 6.Na3 Nb6 7.Qc2 Qd5 8.b3 cxb3
9.axb3 Be6 10.b4 a6 11.d3 Qb3 12.Qxb3 Bxb3 13.Nd4 Be6 14.Nxe6 fxe6 15.Bb2 Nbd5
16.Nc2 Nd7 17.e4 Nc7 18.d4 Rg8 19.Ne3 Nb6 20.Rfc1 Rd8 21.f4 g6 22.Ng4 Bg7
23.Ne5 Nb5 24.Bh3 Nxd4 25.Bxd4 Rxd4 26.Bxe6 Rf8 27.b5 axb5 28.Ra7 Bxe5 29.fxe5 Rd7
30.Bxd7+ Nxd7 31.Rxb7 Nxe5  1-0

[Event "6th d'Ille et Vilaine 2013"]
[Site "Rennes FRA"]
[Date "2013.07.08"]
[Round "4.10"]
[White "Ferret-leger,Gaspard"]
[Black "Salles,L"]
[Result "0-1"]
[WhiteElo "1795"]
[BlackElo "2176"]

1.c4 c6 2.Nf3 d5 3.e3 Nf6 4.Nc3 a6 5.b3 Nbd7 6.Bb2 e5 7.Qc2 Bd6 8.Be2 O-O
9.cxd5 cxd5 10.g4 e4 11.Nd4 Nb6 12.d3 exd3 13.Bxd3 Bxg4 14.Rg1 Bh5 15.Nf5 Bg6
16.h4 d4 17.Ne4 Bb4+ 18.Kf1 Nxe4 19.Bxe4 Rc8 20.Qe2 Re8 21.h5 Rxe4 22.hxg6 hxg6
23.Nxd4 Qd7 24.Qf3 Rce8 25.Rg3 Rh4 26.Rd1 Bf8 27.Ke2 Qd5 28.Qxd5 Nxd5 29.Nf3 Rh5
30.Rg5 Nf4+ 31.Kf1 Ne6 32.Rgd5 Rxd5 33.Rxd5 Rc8 34.Ke2 Rc2+ 35.Rd2 Rxd2+
36.Nxd2 f6 37.Kd3 Kf7 38.Nc4 Nc5+ 39.Ke2 Ke6 40.Kf3 Nd7 41.e4 g5 42.Bc3 Bd6
43.Ne3 g6 44.Kg4 Nc5 45.f3 Nd3 46.Nc4 Nf2+  0-1

[Event "Styrian Open A 2013"]
[Site "Bad Gleichenberg AUT"]
[Date "2013.07.10"]
[Round "5.18"]
[White "Chernukhin,Alexander"]
[Black "Hatzl,J"]
[Result "1/2-1/2"]
[WhiteElo "2080"]
[BlackElo "2121"]

1.c4 c6 2.d4 d5 3.Nf3 e6 4.e3 Bd6 5.b3 Qe7 6.Bb2 f5 7.Bd3 Nf6 8.O-O O-O 9.Ne5 b6
10.f4 Bb7 11.Nd2 Nbd7 12.cxd5 cxd5 13.Qe2 Ne4  1/2-1/2

[Event "FSFMA July 2013"]
[Site "Budapest HUN"]
[Date "2013.07.10"]
[Round "5.3"]
[White "Resika,N"]
[Black "Laza,S"]
[Result "1-0"]
[WhiteElo "2186"]
[BlackElo "1968"]

1.c4 c6 2.g3 d5 3.Nf3 Nf6 4.Bg2 Bg4 5.Ne5 Be6 6.cxd5 Bxd5 7.Nf3 c5 8.Nc3 Bc6
9.O-O e6 10.d3 Be7 11.e4 O-O 12.Qe2 Nbd7 13.Rd1 e5 14.a4 Re8 15.Nd2 Bd6 16.Nc4 Bc7
17.Be3 b6 18.Nd5 Bb8 19.b4 cxb4 20.Nxb4 Bb7 21.a5 b5 22.a6 Bxa6 23.Na5 Bc8
24.Nac6 Qc7 25.Rac1 Qb7 26.Na5  1-0

[Event "St. Pauli Open 2013"]
[Site "Hamburg GER"]
[Date "2013.07.10"]
[Round "6.9"]
[White "Moeller,H"]
[Black "Steingraeber,Kai-Uwe"]
[Result "1/2-1/2"]
[WhiteElo "2285"]
[BlackElo "2137"]

1.c4 c6 2.Nf3 d5 3.g3 Nf6 4.Bg2 dxc4 5.O-O Nbd7 6.Na3 Nb6 7.Qc2 Be6 8.Ng5 Bg4
9.f3 Bh5 10.Nxc4 Qd4+ 11.Ne3 h6 12.Nh3 e5 13.Kh1 Bg6 14.d3 Be7 15.f4 Nfd5
16.Nxd5 Nxd5 17.fxe5 O-O 18.Nf4 Qxe5 19.Nxd5 cxd5 20.Bf4 Qe6 21.Qb3 Bf6 22.Rfe1 Qb6
23.Bxd5 Bxb2 24.Rab1 Qxb3 25.axb3 Bc3 26.Rec1 Bd4 27.Bxb7 Rad8 28.Kg2 Rfe8
29.Bf3 Bf5 30.h4 Re6 31.Bc7 Rde8 32.e4 Bh7 33.Rc4 Bb6 34.Bg4 f5 35.exf5 Re2+
36.Kh1 R2e3 37.Bxb6 axb6 38.Kh2 Rxd3 39.b4 Ree3 40.Rg1 Rb3 41.Rg2 Kf7 42.Rc7+ Re7
43.Rc6 Re5 44.Rxb6 Bxf5 45.Rf2 g6 46.h5 Kg7 47.hxg6 Bxg6 48.Rb7+ Kg8 49.Ra2 Rbe3
50.Raa7 Kf8 51.b5 Rg5 52.Rb8+ Re8 53.Rxe8+ Bxe8 54.Be2  1/2-1/2

[Event "2nd Ideon Andron Open 2013"]
[Site "Anogia GRE"]
[Date "2013.07.11"]
[Round "2.7"]
[White "Goumas,G"]
[Black "Eleftherakis,S"]
[Result "1-0"]
[WhiteElo "2380"]
[BlackElo "1916"]

1.c4 c6 2.Nf3 Nf6 3.e3 d5 4.Nc3 e6 5.b3 Be7 6.Qc2 O-O 7.Bb2 a6 8.d4 b5 9.Bd3 Bb7
10.O-O Nbd7 11.Ne5 bxc4 12.bxc4 dxc4 13.Bxc4 c5 14.Rfd1 Qc7 15.Nxd7 Qxd7
16.Be2 cxd4 17.Rxd4 Qc7 18.Rc4 Qa5 19.Rb1 Rab8 20.Ba1 Qg5 21.Bf1 Bd6 22.g3 Qh5
23.Be2 Qh3 24.Rxb7 Rxb7 25.Rh4 Qxh4 26.gxh4 Rb4 27.h5 Rh4 28.f4 Bc5 29.Nd1 Ba7
30.Bxf6 gxf6 31.Kg2  1-0

[Event "3rd SPAChess Open"]
[Site "Amsterdam NED"]
[Date "2013.07.12"]
[Round "7.5"]
[White "Lombaers,P"]
[Black "Strating,S"]
[Result "1/2-1/2"]
[WhiteElo "2230"]
[BlackElo "2258"]

1.c4 c6 2.g3 d5 3.Nf3 Nf6 4.Bg2 Bf5 5.cxd5 cxd5 6.Qb3 Bc8 7.Nc3 Nc6 8.d3 e6
9.O-O Be7 10.Bf4 O-O 11.Rfc1 Nd7 12.d4 g5 13.Be3 Na5 14.Qc2 Nc4 15.Bd2 Nxd2
16.Nxd2 Nb6 17.e4 dxe4 18.Ndxe4 Qxd4 19.Nb5 Qe5 20.Qc7 Qxc7 21.Nxc7 Rb8 22.a4 Rd8
23.a5 Nd5 24.Nxd5 exd5 25.Rc7 Kf8 26.Nd2 Bd6 27.Rc3 Bf5 28.Nf3 h6 29.Nd4 Be4
30.Bxe4 dxe4 31.Nf5 Be5 32.Rb3 Rd2 33.Rb1 Bd4 34.Nxd4 Rxd4 35.a6 b6 36.Rc1 Rd7
37.g4 Re8 38.Rbc3 Kg7 39.Rc7 Ree7 40.Rxd7 Rxd7 41.Rc4 Rd1+ 42.Kg2 e3 43.fxe3 Ra1
44.h4 gxh4 45.Kh3 Rxa6 46.Kxh4 Ra5 47.Rc7 Re5 48.Rc3 Rb5 49.Rc2 Rb3 50.Re2 a5
51.Kg3 Kg6 52.Kf4 a4 53.e4 b5 54.Rc2 Kf6 55.Rh2 Ke7 56.Ke5 b4 57.Rc2 Kd7
58.Kf6 Rf3+ 59.Kg7 a3 60.bxa3 bxa3 61.Rc4 a2 62.Ra4 Rf2 63.Kxh6 Kc6 64.g5 Kb5
65.Ra8 Kc4 66.g6 fxg6 67.Kxg6 Kd4 68.Ra4+ Ke5 69.Kg7 Kd6 70.Ra6+ Ke7 71.Ra7+ Ke6
72.Ra6+ Ke5 73.Ra4 Re2 74.Kf7 Kd6 75.Kf6 Rf2+  1/2-1/2

[Event "ch-BEL Experten 2013"]
[Site "Antwerp BEL"]
[Date "2013.07.12"]
[Round "7.3"]
[White "Docx,S"]
[Black "Van der Stricht,G"]
[Result "1/2-1/2"]
[WhiteElo "2488"]
[BlackElo "2369"]

1.c4 c6 2.g3 d5 3.Bg2 Nf6 4.Nf3 Bg4 5.Ne5 Be6 6.cxd5 Bxd5 7.Nf3 c5 8.Nc3 Bc6
9.O-O Nbd7 10.d3 e6 11.e4 Be7 12.Qe2 Qb6 13.Rd1 O-O 14.d4 cxd4 15.Nxd4 e5
16.Nxc6 bxc6 17.Be3 Qb4 18.Rac1 Bc5 19.a3 Qb3 20.Rd2 Bxe3 21.Qxe3 Qb6 22.Nd1 Rfd8
23.Qxb6 Nxb6 24.Rdc2 Rd4 25.Rxc6 Nxe4 26.Ne3 Rad8 27.Rc7 Nd6 28.Rxa7 Nbc4
29.Nxc4 Nxc4 30.b3 Nd2 31.Rb7 e4 32.h3 Rd3 33.Rcc7 Nf3+ 34.Bxf3 Rxf3 35.Re7 g5
36.h4 Rd2 37.Rxe4 Rfxf2 38.hxg5 Rg2+ 39.Kf1 Rdf2+ 40.Ke1 Rd2 41.Kf1 Rgf2+
42.Kg1 Rg2+ 43.Kf1 Rgf2+ 44.Kg1  1/2-1/2

[Event "113th ch-SUI 2013"]
[Site "Graechen SUI"]
[Date "2013.07.12"]
[Round "2.3"]
[White "Miezis,N"]
[Black "Lombard,A"]
[Result "1-0"]
[WhiteElo "2549"]
[BlackElo "2356"]

1.c4 c6 2.e4 d5 3.exd5 cxd5 4.cxd5 Nf6 5.Bb5+ Nbd7 6.Nc3 g6 7.d4 Bg7 8.d6 O-O
9.dxe7 Qxe7+ 10.Be2 Rd8 11.Nf3 Nb6 12.O-O Bg4 13.h3 Bxf3 14.Bxf3 Ne8 15.Re1 Qd7
16.Bg5 f6 17.Bf4 Nd6 18.Qb3+ Kh8 19.Rad1 Re8 20.Bxd6 Rxe1+ 21.Rxe1 Qxd6 22.Bxb7 Rd8
23.Qf7 Qf8 24.Qxf8+ Bxf8 25.Nb5 Nc4 26.b3 Nd6 27.Nxd6 Bxd6 28.d5 Kg7 29.g3 Kf7
30.Bc6 g5 31.Kg2 Be5 32.b4 Bc3 33.Re4 f5 34.Rc4 Be5 35.Rc5 Bd6 36.Ra5 Bxb4
37.Rxa7+ Kg6 38.a4 f4 39.Rb7 Be1 40.gxf4 gxf4 41.Kf3 h5 42.Re7  1-0

[Event "23rd Heart of FIN"]
[Site "Jyvaskyla FIN"]
[Date "2013.07.12"]
[Round "7.4"]
[White "Vaarala,E"]
[Black "Karttunen,M"]
[Result "1-0"]
[WhiteElo "2292"]
[BlackElo "2457"]

1.c4 c6 2.Nf3 d5 3.d4 Nf6 4.e3 e6 5.b3 Ne4 6.Nbd2 Nxd2 7.Bxd2 Bd6 8.Bd3 Nd7
9.Bc3 f5 10.c5 Bc7 11.b4 Qf6 12.Qc2 O-O 13.Qb2 Qh6 14.g3 Nf6 15.Ne5 Ng4 16.Qe2 Nxe5
17.dxe5 Bd7 18.f4 g5 19.Bd4 Rf7 20.a4 Rg7 21.Kd2 gxf4 22.exf4 Qg6 23.Rhg1 Qh6
24.Kc2 Kf7 25.Rgb1 b6 26.Rh1 Rgg8 27.Qf2 Rab8 28.Rab1 Qg6 29.Rhg1 h5 30.h3 Qh6
31.Qf3 Ke7 32.Be2 Rh8 33.g4 hxg4 34.hxg4 fxg4 35.Rxg4 Rbf8 36.Rbg1 Rf7 37.Bd3 Qh2+
38.R1g2 Qh1 39.Rg7 Rh2 40.Rxf7+ Kxf7 41.Bf1 Rxg2+ 42.Bxg2 Qh7+ 43.Qd3 Qh2
44.Qf3 Ke7 45.Kc3 Kd8 46.Qg4 Kc8 47.Bf1 Kb7 48.Be2 Qh1 49.Qg1 Qe4 50.Qe3 Qb1
51.Qd3 Qc1+ 52.Kb3 b5 53.axb5 cxb5 54.Qe3 Qb1+ 55.Bb2 Bc6 56.Bd3 Qd1+ 57.Bc2 Qf1
58.Bd3 Qd1+ 59.Bc2 Qg4 60.Bc3 Bd8 61.Bd3 a6 62.Be2 Qf5 63.Bd3 Qg4 64.Be2 Qg2
65.Qd3 Qh2 66.Bd2 Bc7 67.Bg4 Qh6 68.Bf3 Qh3 69.Be2 Qg2 70.Bf3 Qg1 71.Bc3 Qc1
72.f5 exf5 73.Bxd5 Bxd5+ 74.Qxd5+ Kb8 75.e6 Qb1+ 76.Bb2 Qe1 77.Qd7 a5 78.Qxb5+ Ka7
79.Qd7 Qxb4+ 80.Ka2 Qc4+ 81.Kb1 Qe4+ 82.Ka1 Qe1+ 83.Ka2 Qg3 84.e7 Qg8+ 85.Kb1 Qg1+
86.Bc1  1-0

[Event "Werner-Ott-Open 2013"]
[Site "Berlin GER"]
[Date "2013.07.13"]
[Round "8.7"]
[White "Slepuschkin,S"]
[Black "Dehmel,J"]
[Result "1-0"]
[WhiteElo "2145"]
[BlackElo "2091"]

1.c4 c6 2.e4 d5 3.exd5 cxd5 4.d4 Nf6 5.cxd5 Nxd5 6.Nc3 e6 7.Nf3 Be7 8.Bd3 O-O
9.O-O Nc6 10.Re1 Bf6 11.Be4 Nce7 12.h4 Bd7 13.h5 Bc6 14.Bc2 Rc8 15.Ne4 Nf5
16.h6 Nb4 17.Nxf6+ Qxf6 18.Bb1 Nxh6 19.Bg5 Bxf3 20.Qd2 Qxg5 21.Qxg5 Bd5 22.Be4 Nc2
23.Bxc2 Rxc2 24.b4 a6 25.a4 Nf5 26.Rac1 Rxc1 27.Rxc1 Nxd4 28.Rc7 h6 29.Qe7 Nc6
30.Qc5 Ne5 31.Qa7 Rd8 32.Qd4 Nd7 33.a5 Nf6 34.f3 Ne8 35.Rxb7  1-0

[Event "St. Pauli Open 2013"]
[Site "Hamburg GER"]
[Date "2013.07.13"]
[Round "8.16"]
[White "Hess,C1"]
[Black "Kuegel,T"]
[Result "1-0"]
[WhiteElo "2289"]
[BlackElo "2106"]

1.c4 c6 2.e4 d5 3.cxd5 cxd5 4.exd5 Nf6 5.Nc3 Nxd5 6.Nf3 Nc6 7.Bb5 Nxc3 8.bxc3 Qd5
9.Qb3 Be6 10.O-O a6 11.c4 Qd7 12.Ne5 Qd6 13.Qa4 Bd7 14.Nxd7 Qxd7 15.Bxc6 Qxc6
16.Qxc6+ bxc6 17.Rb1 e5 18.Re1 f6 19.d4 Bd6 20.dxe5 fxe5 21.Rb6 O-O-O 22.Be3 Kc7
23.Rxa6 Ra8 24.Rb6 Rhb8 25.Reb1 Rxb6 26.Bxb6+ Kc8 27.c5 Bc7 28.Rb2 Bxb6 29.cxb6 Kb7
30.Kf1 Ra3 31.h4 c5 32.Rb5 c4 33.Ke1 Rxa2 34.Rc5 Kxb6 35.Rxc4 Rb2 36.g3 Rb5
37.Rc8 Rc5 38.Rb8+ Kc6 39.Rg8 g6 40.Rg7 Kd5 41.Rxh7 Ke4 42.Rf7 Rc6 43.Ke2 Rd6
44.Kf1 Kd5 45.Rh7 Ke6 46.Kg2 Rd2 47.Rh8 Kf6 48.Rf8+ Kg7 49.Rf3 Rb2 50.Ra3 Rb4
51.Ra6 e4 52.Kf1 e3 53.fxe3 Rb2 54.Ra4 Kh6 55.Rf4 g5 56.hxg5+ Kxg5 57.Rf2 Rb3
58.Re2 Kg4 59.Kf2 Rb6 60.Ra2  1-0

[Event "23rd Heart of FIN"]
[Site "Jyvaskyla FIN"]
[Date "2013.07.13"]
[Round "8.8"]
[White "Luukkonen,T"]
[Black "Pohjala,H"]
[Result "0-1"]
[WhiteElo "2266"]
[BlackElo "2338"]

1.c4 c6 2.e4 e5 3.Nf3 d6 4.d4 Qc7 5.Nc3 Bg4 6.Be2 Nd7 7.Be3 Bxf3 8.Bxf3 exd4
9.Qxd4 Ngf6 10.Be2 Nc5 11.O-O a5 12.Rad1 Rd8 13.Bf4 Ne6 14.Qe3 Nxf4 15.Qxf4 Be7
16.Rd3 Nd7 17.Na4 O-O 18.Rfd1 Rfe8 19.Rf3 Ne5 20.Rb3 Bf6 21.Qd2 Ng6 22.f3 Nf8
23.Bf1 Ne6 24.Nc3 Be5 25.Kh1 Re7 26.Ne2 Nc5 27.Re3 Bf6 28.Ra3 Red7 29.g3 d5
30.exd5 cxd5 31.Bh3 dxc4 32.Bxd7 Rxd7 33.Re3 Qd8 34.Qxd7 Nxd7 35.Nf4 g6 36.Nd5 Kg7
37.Nxf6 Kxf6 38.Re4 Qc7  0-1

[Event "3rd SPAChess Open"]
[Site "Amsterdam NED"]
[Date "2013.07.14"]
[Round "9.6"]
[White "Lombaers,P"]
[Black "Rijnaarts,S"]
[Result "1-0"]
[WhiteElo "2230"]
[BlackElo "2360"]

1.c4 c6 2.g3 d5 3.Nf3 Nf6 4.Bg2 dxc4 5.O-O Be6 6.Qc2 Nbd7 7.Ng5 Bg4 8.Qxc4 Bh5
9.Nc3 h6 10.Nf3 e6 11.d4 Be7 12.a4 a5 13.e4 Bg6 14.Qe2 O-O 15.Rd1 Bb4 16.Ne5 Nxe5
17.dxe5 Nd7 18.Be3 Qe7 19.Na2 Nxe5 20.Nxb4 axb4 21.b3 Rfd8 22.Bb6 Rxd1+ 23.Rxd1 Rc8
24.f4 Nd7 25.Bf2 Nf6 26.Qd3 Rc7 27.Qd8+ Qxd8 28.Rxd8+ Kh7 29.g4 Bxe4 30.g5 c5
31.gxf6 Bc2 32.f5 gxf6 33.Bg3 e5 34.Bh4 Kg7 35.Rd6 c4 36.Bxf6+ Kh7 37.Bh3 Rc8
38.bxc4 b3 39.Bxe5 h5 40.Rd7 Rc5 41.Rxf7+ Kg8 42.Rg7+ Kf8 43.Bd6+  1-0

[Event "2nd Ideon Andron Open 2013"]
[Site "Anogia GRE"]
[Date "2013.07.14"]
[Round "6.14"]
[White "Skembris,S"]
[Black "Kiriakakis,Ioannis"]
[Result "1-0"]
[WhiteElo "2458"]
[BlackElo "1503"]

1.c4 c6 2.e4 d5 3.exd5 cxd5 4.d4 Nf6 5.Nc3 Nc6 6.Bg5 dxc4 7.d5 Ne5 8.Qd4 Nd3+
9.Bxd3 cxd3 10.Nf3 Bf5 11.O-O h6 12.Bxf6 gxf6 13.Qf4 Bd7 14.Rfe1 h5 15.Ne4 Bg7
16.Nxf6+ Kf8 17.Ne4 Be8 18.d6 exd6 19.Rad1 d5 20.Rxd3 Bh6 21.Neg5 Kg7 22.h4 Qf6
23.Qc7 Qc6 24.Qe7 Qf6 25.Ne6+ Kh7 26.Qxf6  1-0

[Event "Styrian Open A 2013"]
[Site "Bad Gleichenberg AUT"]
[Date "2013.07.14"]
[Round "9.12"]
[White "Behling,R"]
[Black "Schneider Zinner,H"]
[Result "0-1"]
[WhiteElo "2137"]
[BlackElo "2355"]

1.c4 c6 2.e4 d5 3.exd5 cxd5 4.d4 Nf6 5.Nc3 Nc6 6.Nf3 Bg4 7.cxd5 Nxd5 8.Qb3 Bxf3
9.gxf3 e6 10.Qxb7 Nxd4 11.Bb5+ Nxb5 12.Qc6+ Ke7 13.Qxb5 Nxc3 14.bxc3 Rb8
15.Qa6 Qb6 16.Qxb6 Rxb6 17.Be3 Rb7 18.O-O Kd7 19.Rab1 Kc6 20.Rxb7 Kxb7 21.Rd1 Kc8
22.Bxa7 Ba3 23.Kf1 Kc7 24.Bd4 f6 25.Rb1 Ra8 26.h3 Bd6 27.Rb2 Ra3 28.Rc2 Kc6
29.Ke2 Ra5 30.Rb2 Bc7 31.c4 Rh5 32.a4 Rxh3 33.Rb5 Rh4 34.Kd3 e5 35.Bc3 Rh3
36.Ke2 e4 37.a5 Rxf3 38.Bb4 Rb3 39.Rc5+ Kd7 40.Rd5+ Kc6 41.Rc5+ Kd7 42.Rd5+ Kc8
43.Bd2 Ra3 44.Rh5 h6 45.Rh4 Bxa5 46.Be3 Ra2+ 47.Kf1 f5 48.Rh5 g5 49.Rxh6 f4
50.Bb6 Bd2 51.Kg2 Kb7 52.Re6 e3 53.Kf3 Ra6 54.c5 g4+ 55.Kxg4 exf2  0-1

[Event "XV Sant Marti Open A"]
[Site "Barcelona ESP"]
[Date "2013.07.14"]
[Round "2.42"]
[White "Pellus Ruiz,J"]
[Black "Castillo Escario,Y"]
[Result "1/2-1/2"]
[WhiteElo "2171"]
[BlackElo "1997"]

1.c4 c6 2.g3 d5 3.Nf3 Nf6 4.Bg2 Bf5 5.cxd5 cxd5 6.Qb3 Qc7 7.Nc3 e6 8.d3 Nc6
9.O-O Be7 10.Bf4 Qd7 11.Ne5 Nxe5 12.Bxe5 O-O 13.e4 Bg6 14.exd5 exd5 15.Nxd5 Nxd5
16.Qxd5 Qxd5 17.Bxd5 Bxd3 18.Bxb7 Rad8 19.Rfd1 Bc5 20.Rac1 Bb6 21.Bf3 Bf5
22.Kg2 Be6 23.b3 Rc8 24.Rxc8 Rxc8 25.Bd4 Kf8 26.Bxb6 axb6 27.Rd2 Ke7 28.h4 b5
29.Be4 h6 30.Kf3 g5 31.hxg5 hxg5 32.Rc2 Rxc2 33.Bxc2 b4 34.Ke4 Kd6 35.Kd4 f6
36.f4 gxf4 37.gxf4 Bd5 38.Bd3 Be6 39.Bc4 Bg4 40.Bd3 Be6 41.f5 Bd5 42.Be2 Bf7
43.Bc4 Bh5 44.Bg8 Be2 45.Bd5 Bf1 46.Bc4 Bg2  1/2-1/2

[Event "Universiade Women"]
[Site "Kazan RUS"]
[Date "2013.07.14"]
[Round "8.4"]
[White "Rogule,L"]
[Black "Shen Yang"]
[Result "1/2-1/2"]
[WhiteElo "2329"]
[BlackElo "2405"]

1.c4 c6 2.d4 d5 3.Nc3 dxc4 4.e4 b5 5.a4 b4 6.Na2 Nf6 7.e5 Nd5 8.Bxc4 a5 9.Ne2 e6
10.O-O Be7 11.Qc2 Ba6 12.Be3 O-O 13.Nac1 c5 14.Nb3 Nxe3 15.fxe3 cxd4 16.Bxa6 Rxa6
17.exd4 Nd7 18.Qc4 Qa8 19.Rfc1 Bg5 20.Rc2 f6 21.Rf1 Be3+ 22.Kh1 fxe5 23.Ng3 Rd6
24.dxe5 Nxe5 25.Qe2 Rd3 26.Nc1 Bxc1 27.Qxe5 Bf4 28.Qxe6+ Kh8  1/2-1/2

[Event "Universiade Women"]
[Site "Kazan RUS"]
[Date "2013.07.15"]
[Round "9.3"]
[White "Tan Zhongyi"]
[Black "Bulmaga,I"]
[Result "1-0"]
[WhiteElo "2478"]
[BlackElo "2403"]

1.c4 c6 2.e4 d5 3.exd5 cxd5 4.d4 Nf6 5.Nc3 e6 6.Nf3 Bb4 7.Bd3 dxc4 8.Bxc4 O-O
9.O-O Nc6 10.Bg5 Be7 11.Re1 b6 12.Qd2 Bb7 13.Rad1 Rc8 14.Qe2 Nd5 15.Bxd5 Bxg5
16.Be4 Bf6 17.d5 exd5 18.Bxd5 Qc7 19.Nb5 Qb8 20.Nd6 Rc7 21.Nxb7 Qxb7 22.Rc1 Qc8
23.Qc2 Rd8 24.Bxc6 g6 25.h3 Kg7 26.b4 b5 27.Qc5 a6 28.Re2 Rd3 29.Re8  1-0

[Event "22nd Open ch-MKD"]
[Site "Struga MKD"]
[Date "2013.07.15"]
[Round "3.5"]
[White "Organdziev,O"]
[Black "Kralevski,Aleksander"]
[Result "1/2-1/2"]
[WhiteElo "2291"]
[BlackElo "2163"]

1.c4 c6 2.Nf3 d5 3.e3 e6 4.d4 Nf6 5.Nbd2 Nbd7 6.Bd3 Bd6 7.O-O O-O 8.e4 e5
9.cxd5 cxd5 10.exd5 exd4 11.Ne4 Nxe4 12.Bxe4 Nf6  1/2-1/2

[Event "50th Canadian Open 2013"]
[Site "Ottawa CAN"]
[Date "2013.07.16"]
[Round "5"]
[White "Moradiabadi,E"]
[Black "Sambuev,B"]
[Result "1-0"]
[WhiteElo "2551"]
[BlackElo "2530"]

1.c4 c6 2.d4 d5 3.cxd5 cxd5 4.Bf4 Nc6 5.e3 Qb6 6.Nc3 e5 7.dxe5 Qxb2 8.Nxd5 Bb4+
9.Nxb4 Qc3+ 10.Ke2 Nxb4 11.Rc1 Qa3 12.Kf3 Bd7 13.Kg3 Ne7 14.h4 Bc6 15.Nf3 Rd8
16.Qe1 h6 17.Kh2 g5 18.Bg3 Nf5 19.e6 fxe6 20.Be5 O-O 21.e4 g4 22.exf5 gxf3
23.Bc3 Nd5 24.Qxe6+ Rf7 25.Qg6+ Kf8 26.Qxh6+ Ke8 27.Bc4 fxg2 28.Rhe1+ Re7
29.Rxe7+ Nxe7 30.Qh8+ Kd7 31.Be6+ Kc7 32.Be5+ Rd6 33.Rd1 g1=Q+ 34.Kxg1 Qf3
35.Bxd6+ Kb6 36.Qd4+ Ka6 37.Qd3+  1-0